000 00296nam a22001337a 4500
008 170421b xxu||||| |||| 00| 0 eng d
020 _a9780878915736
041 _aeng
080 _a573
100 _a11
101 _aSHM
245 _aTHE ESSENTIALS OF BIOLOGY I
_cFOGIEL, M
942 _2udc
_cBK
999 _c11378
_d11378